| 000 | 01410cam a2200277 4500500 | ||
|---|---|---|---|
| 005 | 20260208004952.0 | ||
| 041 | _afre | ||
| 042 | _adc | ||
| 100 | 1 | 0 |
_aCommins, Eli _eauthor |
| 245 | 0 | 0 | _a« Nos soldats en blanc détruiront le cancer » : la lutte contre le cancer, enjeu de la guerre froide |
| 260 | _c2006. | ||
| 500 | _a64 | ||
| 520 | _aThis study focuses on the politicization of scientific discourse relating to cancer research in the Early Cold War. More specifically, it examines the relation between the production of the atomic bomb and cancer research after 1945, and shows that the often-used comparison between the fight against cancer and that against foreign enemies originated in the specific history of the institutions and the organization of cancer research in and especially out of government circles, generating a ‘word war’ permeating both lay and scientific rhetoric. | ||
| 690 | _abombe atomique | ||
| 690 | _acancer | ||
| 690 | _aCornelius P. Rhoads | ||
| 690 | _aguerre froide | ||
| 690 | _ascience | ||
| 690 | _aatomic bomb | ||
| 690 | _acancer | ||
| 690 | _aCold War | ||
| 690 | _aCornelius P. Rhoads | ||
| 690 | _ascience | ||
| 786 | 0 | _nRevue française d’études américaines | 107 | 1 | 2006-07-01 | p. 18-28 | 0397-7870 | |
| 856 | 4 | 1 | _uhttps://shs.cairn.info/revue-francaise-d-etudes-americaines-2006-1-page-18?lang=fr&redirect-ssocas=7080 |
| 999 |
_c1649978 _d1649978 |
||